Statistics for Všechny ulice ve Frýdku-Místku

Click here to take the quiz!

General Stats

  • This quiz has been taken 20 times
  • The average score is 19 of 296

Answer Stats

Answer% Correct
Ostravská
62%
Revoluční
46%
Anenská
38%
Boženy Němcové
38%
Krátká
38%
Lískovecká
38%
Příborská
38%
Antala Staška
31%
Bruzovská
31%
Dlouhá
31%
Elišky Krásnohorské
31%
Frýdlantská
31%
Horní
31%
Nádražní
31%
Slezská
31%
17.listopadu
23%
Černá cesta
23%
Dobrovského
23%
Dolní
23%
Husova
23%
K Hájku
23%
Komenského
23%
Nerudova
23%
Pekařská
23%
Podpuklí
23%
Těšínská
23%
Zámecká
23%
28.října
15%
8.Pěšího Pluku
15%
Bavlnářská
15%
Bezručova
15%
Hasičská
15%
Havlíčkova
15%
Hlavní třída
15%
Hutní
15%
Janáčkova
15%
Jiráskova
15%
Jungmannova
15%
K Lesu
15%
Lidická
15%
Na Veselé
15%
Nová
15%
Nové Dvory-Kamenec
15%
Obchodní
15%
Palackého
15%
Palkovická
15%
Polní
15%
Říční
15%
Riegrova
15%
Růžový pahorek
15%
Staroměstská
15%
T. G. Masaryka
15%
Třída T. G. Masaryka
15%
Zahradní
15%
Zelená
15%
1.máje
8%
Bahno-Hlíny
8%
Bahno-Příkopy
8%
Bahno-Rovňa
8%
Beethovenova
8%
Bohuslava Martinů
8%
Čelakovského
8%
Československé armády
8%
Cihelní
8%
Dr. Petra
8%
Dvořákova
8%
Fibichova
8%
Františka Linharta
8%
Fügnerova
8%
Gagarinova
8%
Gajdošova
8%
Gogolova
8%
Hálkova
8%
Heydukova
8%
Hluboká
8%
Horymírova
8%
Hraniční
8%
I. P. Pavlova
8%
Jana Čapka
8%
Jaroslava Haška
8%
J. Božana
8%
J. E. Purkyně
8%
Jiřího Trnky
8%
Jiřího z Poděbrad
8%
Josefa Hory
8%
Josefa Skupy
8%
Ke Splavu
8%
Kolaříkova
8%
Kostikovo náměstí
8%
Křižíkova
8%
Květná
8%
Lipová
8%
Luční
8%
Malý Koloredov
8%
Mánesova
8%
Marie Majerové
8%
Maryčky Magdonové
8%
Míru
8%
Nad Rybníkem
8%
Na Příkopě
8%
Na Stráni
8%
Nové Dvory-Hlíny
8%
Novodvorská
8%
Okružní
8%
Olbrachtova
8%
Pavlíkova
8%
Pionýrů
8%
Pivovarská
8%
Pod Školou
8%
Příčná
8%
Puškinova
8%
Radniční
8%
Řeznická
8%
Růžová
8%
Škarabelova
8%
Skautská
8%
Školská
8%
Slunečná
8%
Smetanova
8%
Stará cesta
8%
Stará Riviéra
8%
Staříčská
8%
Střelniční
8%
Svatopluka Čecha
8%
Svazarmovská
8%
Tichá
8%
Tolstého
8%
Třešňová
8%
Tržní
8%
U Nemocnice
8%
Vrchlického
8%
Wolkerova
8%
Zámecké náměstí
8%
Zátiší
8%
2.května
0%
4.května
0%
Akátová
0%
Antonínovo náměstí
0%
Bahno-Štandl
0%
Bedřicha Václavka
0%
Bratří Šlapetů
0%
Březinova
0%
Březová
0%
Brožíkova
0%
Čajkovského
0%
Collo-louky
0%
Čs. červeného kríže
0%
Divišova
0%
Dr. Antonína Vaculíka
0%
Dr. Jánského
0%
Dr. M. Tyrše
0%
Družstevní
0%
Dr. Vančury
0%
Elišky Servátkové
0%
Emy Destinové
0%
Erbenova
0%
Farní
0%
Farní náměstí
0%
F. Čejky
0%
Foerstrova
0%
Foglarova
0%
Fráni Šrámka
0%
Františka Krasla
0%
Františka Prokopa
0%
Habrová
0%
Heleny Salichové
0%
I. J. Pěšiny
0%
Jabloňová
0%
Jana Švermy
0%
Jaroslava Lohrera
0%
Jaroslava Olšáka
0%
Javorová
0%
Jeronýmova
0%
Jiřího Hakena
0%
Jiřího Mahena
0%
J. Jabůrkové
0%
J. Kaluse
0%
J. Opletala
0%
Josefa Kajetána Tyla
0%
Josefa Kavky
0%
Josefa Lady
0%
Josefa Myslivečka
0%
Josefa Suky
0%
Josefa Václava Sládka
0%
Joži Uprky
0%
Karla Hynka Máchy
0%
Karolíny Světlé
0%
K Dolům
0%
Ke Kotlině
0%
Ke Kůtám
0%
Ke Studánce
0%
K Fojtství
0%
Klicperova
0%
K Lomu
0%
K Olešné
0%
Kollárova
0%
Kpt. Nálepky
0%
Křižíkovského
0%
K Rovni
0%
K Sedlištím
0%
Kvapilova
0%
K Zelinkovicím
0%
Legionářská
0%
Lesní
0%
Libušina
0%
Lubojackého
0%
Malá
0%
Malé náměstí
0%
Mariánské náměstí
0%
Marie Pujmanové
0%
Maxe Švabinského
0%
Maxima Gorkého
0%
M. Chasáka
0%
Mikoláše Alše
0%
Mozartova
0%
Myslbekova
0%
Na Aleji
0%
Na Bažinách
0%
Na Blatnici
0%
Nad Cihelnou
0%
Nad Lipinou
0%
Nad Mostárnou
0%
Nad Potokem
0%
Nad Přehradou
0%
Nad Stadionem
0%
Na Hrázi
0%
Na Konečné
0%
Na Kopci
0%
Náměstí Svobody
0%
Na Podlesí
0%
Na Podvolání
0%
Na Poříčí
0%
Na Půstkách
0%
Národních mučedníků
0%
Na Štěpnici
0%
Na Vyhlídce
0%
Nové Dvory-Podhůří
0%
Nové Dvory-Vršavec
0%
Ó. Lysohorského
0%
Ondrášova
0%
Panské Nové Dvory
0%
Petra Cingra
0%
Piskořova
0%
P. Jilemnického
0%
Pod Kabáticí
0%
Podlesní
0%
Pod Letištěm
0%
Pod Vodojemem
0%
Pod Zámečkem
0%
Politických obětí
0%
Potoční
0%
Přemyslovců
0%
Příkrá
0%
Prokopa Holého
0%
Raisova
0%
Resslova
0%
Rokycanova
0%
Rovenská
0%
Rudolfa Vaška
0%
Rybářská
0%
Rybnická
0%
Sadská
0%
Šeříková
0%
Slavíčkova
0%
Sokola Tůmy
0%
Sokolská
0%
Spojovací
0%
Spořilov
0%
Stanislava Kostky Neumanna
0%
Štursova
0%
Svatoplukova
0%
Topolová
0%
Třanovského
0%
Třebízského
0%
U Hřiště
0%
U Náhonu
0%
U Staré pošty
0%
U Zavadilky
0%
Václava Talicha
0%
Valcířská
0%
Viléma Závady
0%
Vítězslava Nezvala
0%
Vodárenská
0%
Vodičná
0%
Vojanova
0%
Vojtěcha Martínka
0%
Vratimovská
0%
Vřesová
0%
V. Vantucha
0%
V Zahradách
0%
V. Závady
0%
Zahradnická
0%
Za Školou
0%
Zborovská
0%
Zdeňka Štěpánka
0%
Žižkova
0%

Score Distribution

Percentile by Number Answered

Percent of People with Each Score

Your Score History

You have not taken this quiz